רמטכ"לי צה"ל - Statistics

General Stats
  • This quiz has been taken 14 times
  • The average score is 18 of 23
Answer Stats
שנות כהונה אירועים בולטים שם % Correct
4 1953-1958 פעולות התגמול מלחמת סיני משה דיין
100%
7 1964-1968 מלמת ששת הימים יצחק רבין
100%
14 1991-1995 המערכה ברצועת הביטחון מבצע דין וחשבון אהוד ברק
100%
20 2011-2015 מבצע עמוד ענן מבצע צוק איתן בני גנץ
100%
21 2015-2019 גל הטרור הפלסטיני (2015–2016)
מבצע בית הקלפים
העימותים בגבול ישראל–רצועת עזה
מבצע מגן צפוני
גדי איזנקוט
100%
22 2019-2023 העימותים בגבול ישראל–רצועת עזה
מגפת הקורונה בישראל
מבצע שומר החומות
מבצע עלות השחר
גל הטרור בישראל (אביב 2022)
מבצע שובר גלים
אביב כוכבי
100%
23 2023- גל הטרור בישראל (2023)
מבצע מגן וחץ
מלחמת חרבות ברזל
הרצי הלוי
100%
2 1949-1952 יגאל ידין
86%
8 1968-1972 מלחמת ההתשה חיים בר-לב
86%
11 1978-1983 הנסיגה מסיני
מלחמת לבנון הראשונה
מבצע אופרה
רפאל איתן
86%
12 1983-1987 מבצע רגל עץ
פרשת קו 300
המערכה ברצועת הביטחון
משה לוי
86%
18 2005-2007 ההתנתקות
מבצע גשמי קיץ
מלחמת לבנון השנייה
דני חלוץ
86%
1 1948-1949 הקמת צה"ל מלחמת העצמאות יעקוב דורי
71%
3 1952-1953 אירועי הפדאיון פעולות התגמול מרדכי מקלף
71%
5 1958-1961 חיים לסקוב
71%
6 1961-1964 צבי צור
71%
9 1972-1974 מלחמת יום הכיפורים דוד אלעזר
71%
10 1974-1978 מבצע יונתן מבצע ליטני מרדכי גור
71%
13 1987-1991 המערכה ברצועת הביטחון
מלחמת המפרץ
האינתיפאדה הראשונה
דן שומרון
71%
15 1995-1998 המערכה ברצועת הביטחון
מבצע ענבי זעם
אסון המסוקים
אסון השייטת
אמנון ליפקין-שחק
57%
17 2002-2005 האינתיפאדה השנייה משה יעלון
57%
19 2007-2011 תקיפת הכור הגרעיני בסוריה
מבצע חורף חם
מבצע עופרת יצוקה
גבי אשכנזי
57%
16 1998-2002 נסיגת צה"ל מדרום לבנון
האינתיפאדה השנייה
מבצע חומת מגן
שאול מופז
29%
No matching quizzes found
Score Distribution
Percent of People with Each Score
Percentile by Number Answered
Your Score History
You have not taken this quiz